| 000 | 00836pab a2200169 454500 | ||
|---|---|---|---|
| 008 | 180718b2001 xxu||||| |||| 00| 0 eng d | ||
| 100 | _aNavlakha, Gautam | ||
| 245 | _aCeasefire in Kashmir: some critical issue | ||
| 260 | _c2001 | ||
| 300 | _ap.726-28 | ||
| 362 | _a3 Mar | ||
| 520 | _aThe ceasefire in Kashmir can only be seen as a beginning of a long process that will have to be based most importantly on a comprehensive understanding of the political aspirations of the people of the entire state. The need of the hour is to acknowledge and sincerely attempt to involve the other forces that have a legitimate say in the resolution of the Kashmir issue. - Reproduced | ||
| 650 | _aJammu and Kashmir - Politics and government | ||
| 650 | _aPolitics and government | ||
| 773 | _aEconomic and Political Weekly | ||
| 909 | _a47809 | ||
| 999 |
_c47809 _d47809 |
||